Statistiques concernant Culture Générale - Série 678

Cliquez ici pour prendre le quiz!

Statistiques générales

  • Ce quiz a été pris 85 fois
  • Le résultat moyen est 4 sur 10

Statistiques - réponses

QuestionRéponse% Correct
Dans quel pays se trouvent les ports de : Thessalonique et de Volos ?Grèce
94%
Quel célèbre gangster américain était surnommé "Scarface" ?Al Capone
74%
Quel mot d'origine grecque désigne la pâte onctueuse, à base d'oeufs de poisson pilés avec de d'huile d'olive et arrosée de citron ?tarama
43%
Complétez l'une des répliques de Franck Dubosc dans le film "Camping" : "Chassez le naturiste, il revient au...bungalow
29%
Quel écrivain français est l'auteur des “Chants du crépuscule” en 1835 ?Victor Hugo
25%
Quel acteur australien a incarné James Bond dans le film : "Au Service secret de Sa Majesté" ?George Lazenby
21%
Quel mafieux du New Jersey fut incarné à la télévision par James Gandolfini ?Tony Soprano
19%
Quel mot italien désigne une langoustine frite en beignet ?scampi
18%
Dans quel film de 1999 Sabine Azéma, Emmanuelle Béart et Charlotte Gainsbourg interprétaient-elles des soeurs ?La Bûche
17%
Quel mot désignant une amulette dans l'Antiquité est aussi un synonyme d'une bulle de bande dessinée ?phylactère
14%

Distribution des résultats

Percentile par nombre de réponses

% des personnes avec chaque résultat

Votre développement - résultats

Vous n’avez pas pris ce quiz